The motion, evolution of orbits, and origin of comets (Record no. 7646)

MARC details
000 -LEADER
fixed length control field 01138nam a2200277Ia 4500
003 - CONTROL NUMBER IDENTIFIER
control field IN-BaIIA
008 - FIXED-LENGTH DATA ELEMENTS--GENERAL INFORMATION
fixed length control field 211028s9999 xx 000 0 eng d
020 ## - INTERNATIONAL STANDARD BOOK NUMBER
International Standard Book Number 90-277-0207-1
040 ## - CATALOGING SOURCE
Transcribing agency IIA Library
080 ## - UNIVERSAL DECIMAL CLASSIFICATION NUMBER
Universal Decimal Classification number 082.2:52
Item number IAU-45
111 ## - MAIN ENTRY--MEETING NAME
Meeting name or jurisdiction name as entry element International Astronomical Union Symposium
Number of part/section/meeting 45th
Location of meeting USSR
Date of meeting or treaty signing 1970 Aug. 4-11
9 (RLIN) 12928
245 #4 - TITLE STATEMENT
Title The motion, evolution of orbits, and origin of comets
Remainder of title proceedings of the International Astronomical Union Symposium No.45 held in Leningard, USSR August 4-11 1970
Statement of responsibility, etc. edited by G. A. Chebotarev, E. Kazimirchak-Polonskaya and B. G. Marsden
260 ## - PUBLICATION, DISTRIBUTION, ETC.
Place of publication, distribution, etc. Dordrecht
Name of publisher, distributor, etc. D. Reidel Publishing
Date of publication, distribution, etc. 1972
300 ## - PHYSICAL DESCRIPTION
Extent xxiii, 521p.
490 ## - SERIES STATEMENT
Series statement IAU Symposium; no. 45
500 ## - GENERAL NOTE
General note Donated by Mrs. Bappu
650 ## - SUBJECT ADDED ENTRY--TOPICAL TERM
Topical term or geographic name entry element Astronomy and Astrophysics Thesaurus
650 ## - SUBJECT ADDED ENTRY--TOPICAL TERM
Topical term or geographic name entry element Comets
9 (RLIN) 755
650 ## - SUBJECT ADDED ENTRY--TOPICAL TERM
Topical term or geographic name entry element Orbital Motions
9 (RLIN) 7179
650 ## - SUBJECT ADDED ENTRY--TOPICAL TERM
Topical term or geographic name entry element Stellar Motion
9 (RLIN) 7180
700 ## - ADDED ENTRY--PERSONAL NAME
Personal name Chebotarev, G. A., ed.
9 (RLIN) 7181
700 ## - ADDED ENTRY--PERSONAL NAME
Personal name Kazimirchak-Polonskaya, E., ed.
9 (RLIN) 12929
700 ## - ADDED ENTRY--PERSONAL NAME
Personal name Marsden, B. G., ed.
9 (RLIN) 12930
710 ## - ADDED ENTRY--CORPORATE NAME
Corporate name or jurisdiction name as entry element International Astronomical Union
942 ## - ADDED ENTRY ELEMENTS (KOHA)
Koha item type Books
Holdings
Withdrawn status Lost status Damaged status Not for loan Home library Current library Shelving location Date acquired Total Checkouts Full call number Barcode Date last seen Price effective from Koha item type
        IIA Library-Bangalore IIA Library-Bangalore General Stacks 25/07/1983   082.2:52/ IAU-45 8460 05/11/2021 25/07/1983 Books

Powered by Koha